|
|
|
|
| LEADER |
03391nam a2200793 4500 |
| 001 |
ocn808685163 |
| 003 |
OCoLC |
| 005 |
20170124071708.7 |
| 006 |
m o d |
| 007 |
cr |n||||||||| |
| 008 |
120828s2012 enk ob 001 0 eng |
| 010 |
|
|
|a 2012035259
|
| 040 |
|
|
|a DLC
|b eng
|e pn
|c DLC
|d YDX
|d YDXCP
|d DG1
|d N$T
|d CDX
|d COO
|d IDEBK
|d NOC
|d OCLCF
|d TEFOD
|d SCB
|d NLGGC
|d E7B
|d RECBK
|d TEFOD
|d OCLCQ
|d OCLCO
|d D6H
|d GrThAP
|
| 019 |
|
|
|a 822227317
|a 844322030
|a 864913516
|
| 020 |
|
|
|a 9781118451953
|q (ePub)
|
| 020 |
|
|
|a 1118451953
|q (ePub)
|
| 020 |
|
|
|a 9781118451960
|q (MobiPocket)
|
| 020 |
|
|
|a 1118451961
|q (MobiPocket)
|
| 020 |
|
|
|a 9781118451977
|q (Adobe PDF)
|
| 020 |
|
|
|a 111845197X
|q (Adobe PDF)
|
| 020 |
|
|
|a 9781118451908
|q (electronic bk.)
|
| 020 |
|
|
|a 1118451902
|q (electronic bk.)
|
| 020 |
|
|
|z 9780470684443
|q (cloth)
|
| 020 |
|
|
|z 9781299188181
|
| 020 |
|
|
|z 1299188184
|
| 020 |
|
|
|z 0470684445
|q (cloth)
|
| 020 |
|
|
|z 9780470684436
|q (pbk.)
|
| 029 |
1 |
|
|a AU@
|b 000049933423
|
| 029 |
1 |
|
|a DEBBG
|b BV041049413
|
| 029 |
1 |
|
|a DEBBG
|b BV041907928
|
| 029 |
1 |
|
|a NZ1
|b 15194663
|
| 029 |
1 |
|
|a NZ1
|b 15340392
|
| 029 |
1 |
|
|a DEBBG
|b BV043395018
|
| 035 |
|
|
|a (OCoLC)808685163
|z (OCoLC)822227317
|z (OCoLC)844322030
|z (OCoLC)864913516
|
| 037 |
|
|
|a B75DB221-94AC-4F96-A0C4-3F42BFFA8E80
|b OverDrive, Inc.
|n http://www.overdrive.com
|
| 042 |
|
|
|a pcc
|
| 050 |
0 |
0 |
|a RM301.65
|
| 060 |
1 |
0 |
|a QV 38.5
|
| 072 |
|
7 |
|a MED
|x 023000
|2 bisacsh
|
| 072 |
|
7 |
|a MED
|x 058170
|2 bisacsh
|
| 072 |
|
7 |
|a MED
|x 071000
|2 bisacsh
|
| 072 |
|
7 |
|a MED
|x 072000
|2 bisacsh
|
| 082 |
0 |
0 |
|a 615.1/9
|2 23
|
| 049 |
|
|
|a MAIN
|
| 245 |
0 |
0 |
|a Molecular pharmacology
|h [electronic resource] :
|b from DNA to drug discovery /
|c John Dickenson [and others].
|
| 264 |
|
1 |
|a Chichester, West Sussex, UK ;
|a Hoboken, NJ :
|b Wiley-Blackwell,
|c 2012.
|
| 300 |
|
|
|a 1 online resource.
|
| 336 |
|
|
|a text
|b txt
|2 rdacontent
|
| 337 |
|
|
|a computer
|b c
|2 rdamedia
|
| 338 |
|
|
|a online resource
|b cr
|2 rdacarrier
|
| 500 |
|
|
|a Includes index.
|
| 505 |
0 |
|
|a Introduction to drug targets and molecular pharmacology -- Molecular cloning of drug targets -- G protein-coupled receptors -- Ion channels -- Transporter proteins -- Cystic fibrosis : alternative approaches to the treatment of a genetic disease -- Pharmacogenomics -- Transcription factors and gene expression -- Cellular calcium -- Genetic engineering of mice -- Signalling complexes : protein-protein interactions and lipid rafts -- Recombinant proteins and immunotherapeutics.
|
| 588 |
0 |
|
|a Print version record and CIP data provided by publisher.
|
| 504 |
|
|
|a Includes bibliographical references and index.
|
| 650 |
|
0 |
|a Molecular pharmacology.
|
| 650 |
|
7 |
|a MEDICAL
|x Drug Guides.
|2 bisacsh
|
| 650 |
|
7 |
|a MEDICAL
|x Nursing
|x Pharmacology.
|2 bisacsh
|
| 650 |
|
7 |
|a MEDICAL
|x Pharmacology.
|2 bisacsh
|
| 650 |
|
7 |
|a MEDICAL
|x Pharmacy.
|2 bisacsh
|
| 650 |
|
7 |
|a Molecular pharmacology.
|2 fast
|0 (OCoLC)fst01024822
|
| 650 |
|
2 |
|a Molecular Targeted Therapy.
|
| 650 |
|
2 |
|a Pharmacogenetics
|x methods.
|
| 650 |
|
2 |
|a Drug Delivery Systems.
|
| 650 |
|
2 |
|a Drug Discovery.
|
| 655 |
|
4 |
|a Electronic books.
|
| 700 |
1 |
|
|a Dickenson, John.
|
| 776 |
0 |
8 |
|i Print version:
|t Molecular pharmacology.
|d Chichester, West Sussex : Wiley-Blackwell, 2012
|z 9780470684443
|w (DLC) 2012034772
|
| 856 |
4 |
0 |
|u https://doi.org/10.1002/9781118451908
|z Full Text via HEAL-Link
|
| 994 |
|
|
|a 92
|b DG1
|